00326nam a2200133Ia 45000030006000000080041000060400015000471000020000622450032000822600043001143000006001575460012001630050017001750STCL150530s9999 xx 000 0 und d aSTCLcSTCL aPalanichamy, S. aJournal of Eco Biology: Feb bPalani Paramount; Palanic2006aPalani a0 aEnglish20220125165915.0